000
00303nam a22001331a 4500
020
_a
9788120707986
082
_a
150
_b
MAN/G
100
_a
Mangal S K
245
_a
General Psychology/
_c
by Mangal S K
260
_a
New Delhi:
_b
Sterling,
_c
1996.
300
_a
304p.
650
_a
Psychology
942
_c
BK
999
_c
15782
_d
15782